Statistics for Top 200 Baby Boy Names in the USA in the 1940's

Click here to take the quiz!

General Stats

  • This quiz has been taken 2,120 times
  • The average score is 112 of 200

Answer Stats

HintAnswer% Correct
3John
98%
125Jon
98%
1James
95%
6David
93%
4William
93%
9Michael
92%
171Micheal
92%
17Paul
92%
130Dan
91%
15George
91%
2Robert
91%
8Thomas
91%
21Frank
90%
37Henry
90%
141Jose
90%
7Charles
89%
52Harry
89%
41Peter
89%
5Richard
89%
22Daniel
88%
18Edward
88%
87Andrew
87%
80Don
86%
13Joseph
86%
54Mark
86%
192Matthew
86%
51Fred
85%
35Jack
85%
163Sam
85%
25Stephen
84%
29Steven
84%
135Benjamin
83%
147Christopher
83%
12Donald
83%
65Samuel
82%
10Ronald
81%
185Alexander
80%
40Joe
80%
57Philip
80%
77Phillip
80%
79Steve
80%
93Tom
80%
63Timothy
79%
45Anthony
78%
73Frederick
78%
200Fredrick
78%
139Leo
77%
55Alan
76%
47Albert
76%
131Allan
76%
74Allen
76%
75Bill
76%
109Leon
76%
113Victor
76%
167Kevin
75%
148Nicholas
75%
58Patrick
75%
34Arthur
74%
114Bob
74%
112Brian
74%
64Gregory
74%
199Jonathan
74%
127Charlie
73%
175Garry
73%
14Gary
73%
16Kenneth
73%
62Leonard
73%
106Vincent
73%
151Eric
72%
91Martin
72%
27Walter
72%
70Francis
70%
28Harold
70%
116Lewis
70%
56Louis
70%
84Jim
69%
94Ray
69%
76Tommy
69%
36Carl
68%
180Karl
68%
90Alfred
67%
11Larry
67%
48Bobby
66%
31Lawrence
66%
23Raymond
66%
42Billy
65%
104Jimmie
64%
46Jimmy
64%
98Theodore
63%
60Danny
62%
88Jeffrey
62%
178Oscar
62%
86Mike
61%
184Nathaniel
60%
20Dennis
59%
26Gerald
58%
19Jerry
58%
143Johnnie
58%
50Johnny
58%
111Edwin
57%
100Keith
57%
24Roger
56%
138Tony
56%
164Scott
55%
61Stanley
55%
85Eddie
54%
168Hugh
54%
67Norman
53%
123Franklin
51%
32Terry
51%
82Barry
50%
53Howard
50%
43Roy
50%
165Dave
49%
30Douglas
49%
179Edgar
49%
149Freddie
49%
144Dean
48%
195Max
48%
95Herbert
47%
92Lee
47%
66Ronnie
47%
33Wayne
47%
193Earnest
46%
68Ernest
46%
105Jesse
46%
176Jessie
46%
39Bruce
45%
78Marvin
45%
162Neil
45%
44Ralph
45%
145Arnold
44%
97Bernard
44%
107Warren
44%
173Juan
43%
174Maurice
43%
191Morris
43%
124Calvin
42%
169Donnie
42%
103Gordon
42%
38Willie
42%
158Ted
41%
120Craig
40%
186Sammy
40%
133Joel
39%
69Russell
39%
119Alvin
38%
49Eugene
38%
117Harvey
38%
126Jay
38%
71Melvin
37%
81Clarence
36%
142Glen
36%
83Glenn
36%
102Rodney
34%
183Stuart
34%
161Wesley
34%
136Lester
33%
156Randy
33%
101Clifford
31%
196Bennie
30%
188Benny
30%
96Gene
30%
134Gilbert
30%
122Leslie
30%
132Randall
30%
157Roland
30%
121Vernon
30%
99Curtis
29%
159Dwight
29%
166Wallace
29%
150Chester
28%
59Dale
27%
153Cecil
26%
108Lloyd
26%
72Earl
25%
140Herman
24%
110Jerome
24%
152Milton
24%
89Leroy
23%
177Marshall
23%
129Jackie
22%
155Manuel
22%
182Sidney
22%
118Clyde
21%
115Floyd
21%
187Everett
18%
189Guy
18%
194Lyle
18%
128Darrell
17%
160Claude
16%
198Kent
15%
170Elmer
14%
137Duane
13%
146Lonnie
12%
197Wendell
11%
172Willard
11%
181Marion
10%
190Virgil
10%
154Lynn
9%

Score Distribution

Percentile by Number Answered

Percent of People with Each Score

Your Score History

You have not taken this quiz